Fundamentals of air pollution /

Guardado en:
Detalles Bibliográficos
Autor principal: Vallero, Daniel (Autor)
Formato: Libro
Lenguaje:inglés
Publicado: Amsterdam Elsevier 2014
Edición:5th ed.
Materias:
Etiquetas: Agregar Etiqueta
Sin Etiquetas, Sea el primero en etiquetar este registro!

MARC

LEADER 00000nam a22000003a 4500
001 0083827
003 SK-STU
005 20201019140013.2
007 ta
008 201019s ----xo-----e------000-0-----d
020 |a 978-0-12-401733-7 
040 |a STU  |b slo 
041 0 |a eng 
044 |a ne 
100 1 |a Vallero, Daniel  |4 aut 
245 1 0 |a Fundamentals of air pollution /  |c aut. Daniel Vallero 
250 |a 5th ed. 
260 |a Amsterdam  |b Elsevier  |c 2014 
300 |a 986 s. 
650 0 7 |a ovzdušie 
996 |b 284M088437  |c M* 14361-1  |l MMST  |s A  |a 24  |w 0083827_0001